000 00480nam a2200193Ia 4500
005 20250423100022.0
008 250422s9999 xx 000 0 und d
020 _a9781609139
050 _aQR 181 .D63/
100 _aDoan, Thao
245 0 _aLippincott’s illustrated reviews: immunology.
250 _a2nd ed.
260 _aPhiladelphia
260 _bLippincott Williams & Wilkins
260 _c2013
300 _a376 p
650 _a Immunology.
942 _cBK
999 _c32038
_d32038